| 000 | 006860000a22002290004500 | ||
|---|---|---|---|
| 003 | LSTLib | ||
| 020 | _a0719022789 | ||
| 041 | _aeng | ||
| 082 |
_a343.4 _bROB |
||
| 245 |
_aHuman rights in the world _bAn introduction to the study of the international protection of human rights |
||
| 250 | _a3 | ||
| 260 |
_aManchester _bManchester University Press _c1989 |
||
| 300 | _a314 | ||
| 650 |
_aamerican convention _97379 |
||
| 650 |
_aEurope _91356 |
||
| 650 |
_aHuman rights _97380 |
||
| 650 |
_ahumanitarian law _9605 |
||
| 650 |
_aprotection of human rights _92690 |
||
| 700 |
_aMerrills, J.G. _97381 |
||
| 700 |
_aRobertson, A.H. _97382 |
||
| 942 |
_cTB _k343.4 _mROB |
||
| 999 |
_c5868 _d5868 |
||